02046nam a2200337Ia 4500952009600000952009600096952009600192952009600288952010100384952010100485952010100586952010100687999001700788008004100805020001500846050002000861100003700881245006300918250001700981260005400998300003501052490003201087500005901119504003301178505028301211519009301494519004101587650002701628650004101655942001201696 00104070a11b11d2010-02-10l0oQB335 V53 2002p11 008303r2012-06-26t1w2012-06-26yLB 00104070a11b11d2010-02-26l0oQB335 V53 2002p11 008331r2012-06-26t2w2012-06-26yLB 00104070a11b11d2010-02-26l0oQB335 V53 2002p11 008332r2012-06-26t3w2012-06-26yLB 00104070a11b11d2010-07-20l0oQB335 V53 2002p11 008801r2012-06-26t4w2012-06-26yLB 00102lcc4070a22b22d2010-07-20l0oQB335 V53 2002p11 008802r2023-07-13t5w2012-06-26yLB 00102lcc4070a01b01d2022-12-03l0oQB335 V53 2002p16 003898r2023-07-13t1w2022-12-03yLB 00102lcc4070a01b01d2022-12-03l0oQB335 V53 2002p16 003899r2023-07-13t2w2022-12-03yLB 00102lcc4070a01b01d2022-12-03l0oQB335 V53 2002p16 003900r2023-07-13t3w2022-12-03yLB c72459d72459120626s2002 mx a 000 0 spa d a9681666607 aQB335bV53 2002 aCastrillón, Laura Vianaeautor aMemoria natural y artificialc / Laura Viana, Castrillón a4a edición aMéxico b: Fondo de Cultura Económicac, 2002 a151 páginasb: ilustraciones aLa ciencia para todosv: 88 aIncluye Prólogo (pp. 7-8), Introducción (pp. 9-20) aBibliografía (pp. 149-151) aHistoria de la computación Principios de operación de las computadoras actuales Sistemas de archivo y búsqueda de información El hombre y las máquinas "pensantes" El cerebro y la mente Memoria y aprendizaje Materiales magnéticos Computadoras neuronales aPlan UNAM / bPsicología / cTeoría computacional de la mente (1105) / d(11 008805) aMaterial complementario /d16 003898 0aCOMPUTADORASxHISTORIA 0aPROCESAMIENTO ELECTRÓNICO DE DATOS cLB2lcc